<?xml version="1.0" encoding="UTF-8"?>
<marc:record xmlns:marc="http://www.loc.gov/MARC21/slim">
   <marc:leader>00000nam a2200000 a 4500</marc:leader>
   <marc:datafield ind1="1" ind2=" " tag="100">
      <marc:subfield code="a">Becker, Jurek</marc:subfield>
      <marc:subfield code="4">aut</marc:subfield>
      <marc:subfield code="e">Verfasser/-in</marc:subfield>
   </marc:datafield>
   <marc:datafield ind1="1" ind2=" " tag="100">
      <marc:subfield code="a">Brasch, Thomas</marc:subfield>
      <marc:subfield code="4">aut</marc:subfield>
      <marc:subfield code="e">Verfasser/-in</marc:subfield>
   </marc:datafield>
   <marc:datafield ind1="1" ind2=" " tag="100">
      <marc:subfield code="a">Fischer, Günther</marc:subfield>
      <marc:subfield code="4">aut</marc:subfield>
      <marc:subfield code="e">Verfasser/-in</marc:subfield>
   </marc:datafield>
   <marc:datafield ind1="1" ind2=" " tag="100">
      <marc:subfield code="a">Thalbach, Katharina</marc:subfield>
   </marc:datafield>
   <marc:datafield ind1="1" ind2=" " tag="100">
      <marc:subfield code="a">Regnier, Charles</marc:subfield>
   </marc:datafield>
   <marc:datafield ind1="1" ind2=" " tag="100">
      <marc:subfield code="a">Habich, Matthias</marc:subfield>
   </marc:datafield>
   <marc:datafield ind1="1" ind2=" " tag="100">
      <marc:subfield code="a">Baal, Karin</marc:subfield>
   </marc:datafield>
   <marc:datafield ind1="1" ind2=" " tag="100">
      <marc:subfield code="a">Morris, Michael</marc:subfield>
   </marc:datafield>
   <marc:datafield ind1="0" ind2="0" tag="245">
      <marc:subfield code="a">Der Passagier - Welcome to Germany</marc:subfield>
   </marc:datafield>
   <marc:datafield ind1="0" ind2="0" tag="245">
      <marc:subfield code="c">Schauspieler: Michael Morris, Karin Baal, Matthias Habich, Charles Regnier, Katharina Thalbach, Fritz Marquardt, Tony Curtis, Alexandra Stewart, George Tabori; Kamera: Axel Block; Drehbuch: Jurek Becker, Thomas Brasch; Musik: Günther Fischer; Produktion: </marc:subfield>
   </marc:datafield>
   <marc:datafield ind1=" " ind2="1" tag="264">
      <marc:subfield code="a">Potsdam</marc:subfield>
      <marc:subfield code="b">filmwerte GmbH</marc:subfield>
      <marc:subfield code="c">2022</marc:subfield>
   </marc:datafield>
   <marc:datafield ind1="1" ind2=" " tag="520">
      <marc:subfield code="a">Der jüdische Erfolgsregisseur Cornfield kehrt in den 80er Jahren aus den USA nach Deutschland zurück. Hier hat er vor 45 Jahren als einer von 13 jüdischen Komparsen in einem antisemitischen Propagandafilm mitgewirkt. Als Gegenleistung wurde ihm und seinen Freunden die Freiheit versprochen. Das Versprechen wurde jedoch nie eingehalten und der junge Cornfield beging aus Angst einen Fehler, der ihn sein Leben lang verfolgte: Er verriet einen Freund und machte sich so mitschuldig an dessen Tod. Von seinem schlechten Gewissen geplagt will Cornfield einen Dokumentarfilm über die Umstände der damaligen Ereignisse drehen und auf diese Weise seine Schuld sühnen.</marc:subfield>
   </marc:datafield>
   <marc:datafield ind1=" " ind2=" " tag="041">
      <marc:subfield code="a">ger</marc:subfield>
   </marc:datafield>
   <marc:datafield ind1=" " ind2=" " tag="300">
      <marc:subfield code="a">1 Online-Ressource (99 min), Bild: 16:9 HD</marc:subfield>
   </marc:datafield>
</marc:record>
